سندھ کی تاريح کياہے (Record no. 608131)
[ view plain ]
| 000 -LEADER | |
|---|---|
| fixed length control field | 00614nam a2200193 a 4500 |
| 003 - CONTROL NUMBER IDENTIFIER | |
| control field | OSt |
| 005 - DATE AND TIME OF LATEST TRANSACTION | |
| control field | 20240226095812.0 |
| 008 - FIXED-LENGTH DATA ELEMENTS--GENERAL INFORMATION | |
| fixed length control field | 180308t2015 pk | |||| 000 0 urd d |
| 040 ## - CATALOGING SOURCE | |
| Transcribing agency | 0 |
| 082 ## - DEWEY DECIMAL CLASSIFICATION NUMBER | |
| Classification number | 954.918 |
| Author Mark | MUB 2015 |
| 100 10 - MAIN ENTRY--PERSONAL NAME | |
| Personal name | مبارک علی،ڈاکڑ |
| 9 (RLIN) | 121286 |
| 245 10 - TITLE STATEMENT | |
| Title | سندھ کی تاريح کياہے |
| Statement of responsibility, etc. | Doctor Mubarak Ali |
| 246 ## - VARYING FORM OF TITLE | |
| Title proper/short title | Sindh Ki Tareekh Kia Hai |
| 260 ## - PUBLICATION, DISTRIBUTION, ETC. | |
| Place of publication, distribution, etc. | Lahore: |
| Name of publisher, distributor, etc. | Tareekh Pub; |
| Date of publication, distribution, etc. | 2015. |
| 300 ## - PHYSICAL DESCRIPTION | |
| Extent | 120 p.: |
| 650 ## - SUBJECT ADDED ENTRY--TOPICAL TERM | |
| Topical term or geographic name entry element | History |
| Chronological subdivision | Sindh |
| 9 (RLIN) | 121281 |
| 942 ## - ADDED ENTRY ELEMENTS (KOHA) | |
| Source of classification or shelving scheme | |
| Koha item type | Book |
| Institution code [OBSOLETE] | SADA |
| Call number prefix | 954.918 MUB 2015 |
| Withdrawn status | Lost status | Source of classification or shelving scheme | Damaged status | Not for loan | Permanent Location | Current Location | Date acquired | Source of acquisition | Total Checkouts | Full call number | Barcode | Date last seen | Cost, replacement price | Price effective from | Koha item type |
|---|---|---|---|---|---|---|---|---|---|---|---|---|---|---|---|
| School of Art Design and Architecture (SADA) | School of Art Design and Architecture (SADA) | 02/09/2018 | Donation | 954.918 MUB 2015 | SADAD0000244 | 02/26/2024 | 210.00 | 02/26/2024 | Book |
